000 00291nam a22001217a 4500
005 20170628110904.0
008 170628b xxu||||| |||| 00| 0 eng d
022 _a0022-4456
245 _aJournal of Scientific & Industrial Research
260 _bNiscair
_cDelhi
300 _a70
942 _cJRL
999 _c5489
_d5487